[Event "HUN-chT2 Toth 0304"]
[Site "Hungary"]
[Date "2003.12.07"]
[Round "5"]
[White "Szigeti, Pal"]
[Black "Banki H, Istvan"]
[Result "0-1"]
[WhiteElo "2023"]
[BlackElo "2185"]
[PlyCount "80"]
[EventDate "2003.09.28"]
[EventType "team"]
[EventRounds "11"]
[EventCountry "HUN"]
[SourceTitle "EXT 2009"]
[Source "ChessBase"]
[SourceDate "2008.11.26"]
[SourceVersion "1"]
[SourceVersionDate "2008.11.26"]
[SourceQuality "1"]
[WhiteTeam "Szarvas"]
[BlackTeam "Oroshaza"]
[WhiteTeamCountry "HUN"]
[BlackTeamCountry "HUN"]

1. d4 Nf6 2. Nf3 d6 3. Bf4 g6 4. e3 Bg7 5. Bd3 Nc6 6. c3 0-0 7. Nbd2 e5 8. Bg5 Qe8 9. d5 Nxd5 10. Bc4 Nb6 11. Bb3 Be6 12. 0-0 f6 13. Bh4 Bxb3 14. axb3 a6 15. Qc2 Ne7 16. c4 Nd7 17. Rfd1 Nf5 18. b4 Nxh4 19. Nxh4 f5 20. Ra3 e4 21. g3 g5 22. Ng2 Ne5 23. Rda1 c6 24. R1a2 Rc8 25. Ra5 Qf7 26. Ne1 g4 27. Ng2 Nf3+ 28. Nxf3 gxf3 29. Nh4 Be5 30. Kh1 d5 31. Qd2 Rfd8 32. Qe1 Bc7 33. R5a3 dxc4 34. Kg1 Rd3 35. Qf1 Bd8 36. Ra1 Bxh4 37. gxh4 Rcd8 38. Rxd3 cxd3 39. Qh3 d2 40. Rd1 Qb3 0-1

[Event "Erkel Memorial op"]
[Site "Gyula"]
[Date "2001.11.07"]
[Round "9"]
[White "Lengyel, Laszlo"]
[Black "Szigeti, Pal"]
[Result "1/2-1/2"]
[WhiteElo "2159"]
[BlackElo "2007"]
[PlyCount "103"]
[EventDate "2001.10.30"]
[EventType "swiss"]
[EventRounds "9"]
[EventCountry "HUN"]
[SourceTitle "EXT 2008"]
[Source "ChessBase"]
[SourceDate "2007.11.25"]
[SourceVersion "1"]
[SourceVersionDate "2007.11.25"]
[SourceQuality "1"]

1. c4 Nf6 2. g3 e5 3. Bg2 Be7 4. Nc3 c6 5. e4 d6 6. d3 0-0 7. Nge2 Nbd7 8. 0-0 a5 9. h3 h6 10. f4 Rb8 11. a4 Nh7 12. Be3 Nb6 13. Qb3 Nd7 14. Rad1 Bf6 15. Kh1 Qe7 16. d4 exd4 17. Nxd4 Nc5 18. Qc2 Be6 19. b3 Qc7 20. Nde2 Rbd8 21. g4 b6 22. e5 dxe5 23. Bxc5 bxc5 24. Be4 g6 25. fxe5 Qxe5 26. Bxc6 Rxd1 27. Rxd1 Ng5 28. Bg2 Bd8 29. Nd5 Re8 30. Nef4 Kg7 31. Qf2 Bc8 32. Qxc5 Bb7 33. Qd4 Qxd4 34. Rxd4 Re1+ 35. Kh2 Rb1 36. Rd3 Rb2 37. Kg3 Ne6 38. Nxe6+ fxe6 39. Nf4 Bxg2 40. Nxe6+ Kf6 41. Nxd8 Ke5 42. c5 g5 43. h4 Bf1 44. Re3+ Kd4 45. Re1 Rxb3+ 46. Kf2 Bh3 47. hxg5 hxg5 48. Rc1 Bxg4 49. Nc6+ Kd5 50. Nxa5 Rb4 51. c6 Rxa4 52. Nb7 1/2-1/2

[Event "Erkel Memorial op"]
[Site "Gyula"]
[Date "2001.11.06"]
[Round "8"]
[White "Szigeti, Pal"]
[Black "Helmer, Janos"]
[Result "0-1"]
[WhiteElo "2007"]
[BlackElo "2198"]
[PlyCount "98"]
[EventDate "2001.10.30"]
[EventType "swiss"]
[EventRounds "9"]
[EventCountry "HUN"]
[SourceTitle "EXT 2008"]
[Source "ChessBase"]
[SourceDate "2007.11.25"]
[SourceVersion "1"]
[SourceVersionDate "2007.11.25"]
[SourceQuality "1"]

1. d4 Nf6 2. Nf3 e6 3. Bf4 c5 4. e3 Qb6 5. Qc1 Nc6 6. c3 d5 7. Bd3 Bd7 8. Nbd2 Rc8 9. Qb1 h6 10. 0-0 Be7 11. h3 a5 12. dxc5 Qxc5 13. Ne5 Nxe5 14. Bxe5 Bb5 15. Nb3 Qb6 16. Nd4 Bxd3 17. Qxd3 0-0 18. Rab1 Nd7 19. Bh2 a4 20. Kh1 Rfd8 21. Bg1 Bf6 22. f3 Ne5 23. Qb5 Qa7 24. e4 Qa8 25. f4 Nc4 26. e5 Be7 27. Nf3 Rc6 28. Rbc1 Ra6 29. b4 axb3 30. Qxb3 Rxa2 31. Rb1 b6 32. Rfd1 Bc5 33. Rd3 Qa4 34. Qd1 Qxd1 35. Rdxd1 Rda8 36. Rb5 Ra1 37. Re1 Rxe1 38. Nxe1 Ra1 39. Nf3 Rc1 40. Kh2 Bxg1+ 41. Nxg1 Rxc3 42. Nf3 Rc2 43. Rb3 Rb2 44. Rd3 Kf8 45. f5 Ke7 46. Kg1 Re2 47. fxe6 fxe6 48. Nd4 Rd2 49. Rxd2 Nxd2 0-1

[Event "Erkel Memorial op"]
[Site "Gyula"]
[Date "2001.11.01"]
[Round "3"]
[White "Haragos, Kalman"]
[Black "Szigeti, Pal"]
[Result "1-0"]
[WhiteElo "2139"]
[BlackElo "2007"]
[PlyCount "79"]
[EventDate "2001.10.30"]
[EventType "swiss"]
[EventRounds "9"]
[EventCountry "HUN"]
[SourceTitle "EXT 2008"]
[Source "ChessBase"]
[SourceDate "2007.11.25"]
[SourceVersion "1"]
[SourceVersionDate "2007.11.25"]
[SourceQuality "1"]

1. d4 d5 2. Nf3 Nf6 3. c4 e6 4. Nc3 Be7 5. Bg5 c6 6. e3 Nbd7 7. Qc2 0-0 8. Rd1 h6 9. Bh4 Nh7 10. Bg3 a6 11. a3 b6 12. Bd3 Nhf6 13. h3 Bb7 14. 0-0 Rc8 15. Qe2 dxc4 16. Bxc4 b5 17. Bd3 Qb6 18. b4 a5 19. Rb1 axb4 20. axb4 Ra8 21. e4 Ra3 22. Rfc1 Rfa8 23. Bf4 Qd8 24. Bd2 Qf8 25. e5 Nd5 26. Nxd5 exd5 27. e6 Nb6 28. exf7+ Qxf7 29. Ne5 Qf6 30. Rc3 Ra2 31. Bc2 Qe6 32. Qd3 Rxc2 33. Qxc2 Nc4 34. Nxc4 dxc4 35. Rg3 g5 36. Re1 Qf6 37. h4 Bd6 38. hxg5 Qf7 39. Rf3 Qh5 40. Rh3 1-0